<?xml version="1.0" encoding="UTF-8"?><?xml-stylesheet type="text/xsl" href="static/style.xsl"?><OAI-PMH xmlns="http://www.openarchives.org/OAI/2.0/" xmlns:xsi="http://www.w3.org/2001/XMLSchema-instance" xsi:schemaLocation="http://www.openarchives.org/OAI/2.0/ http://www.openarchives.org/OAI/2.0/OAI-PMH.xsd"><responseDate>2026-04-17T06:49:07Z</responseDate><request verb="GetRecord" identifier="oai:www.recercat.cat:20.500.12694/7459" metadataPrefix="marc">https://recercat.cat/oai/request</request><GetRecord><record><header><identifier>oai:recercat.cat:20.500.12694/7459</identifier><datestamp>2026-01-01T05:31:26Z</datestamp><setSpec>com_2072_179042</setSpec><setSpec>col_2072_484474</setSpec></header><metadata><record xmlns="http://www.loc.gov/MARC21/slim" xmlns:dcterms="http://purl.org/dc/terms/" xmlns:xsi="http://www.w3.org/2001/XMLSchema-instance" xmlns:doc="http://www.lyncode.com/xoai" xsi:schemaLocation="http://www.loc.gov/MARC21/slim http://www.loc.gov/standards/marcxml/schema/MARC21slim.xsd">
   <leader>00925njm 22002777a 4500</leader>
   <datafield ind2=" " ind1=" " tag="042">
      <subfield code="a">dc</subfield>
   </datafield>
   <datafield ind2=" " ind1=" " tag="720">
      <subfield code="a">Masdeu Alberich, Oriol</subfield>
      <subfield code="e">author</subfield>
   </datafield>
   <datafield ind2=" " ind1=" " tag="260">
      <subfield code="c">2023-06</subfield>
   </datafield>
   <datafield ind2=" " ind1=" " tag="520">
      <subfield code="a">Si parlem de Claude Debussy, acostumem a assimilar-lo a la música programàtica. Però la crítica que el compositor va fer d’aquesta idea suposa una nova visió de la seva obra. Aquest treball, titulat Debussy. Música pura o música programàtica?, presenta un estudi en què es pretén entendre el plantejament artístic de Debussy i la seva relació amb els termes música pura i programàtica, no des de l’anàlisi musical o des de la interpretació, sinó des de la filosofia, que, al cap i a la fi, no és tan diferent. El treball mostra una comparativa entre les concepcions artístiques que neixen amb el romanticisme alemany i la pròpia concepció del compositor francès.</subfield>
   </datafield>
   <datafield ind2=" " ind1=" " tag="520">
      <subfield code="a">Si hablamos de Claude Debussy, acostumbramos a asimilarlo con la música programática. Pero la crítica que el compositor hizo de esta idea supone una nueva visión de su obra. Este trabajo, titulado Debussy. Música pura o música programática?, presenta un estudio en el que se pretende entender el planteamiento artístico de Debussy y su relación con los términos música pura y programática, no desde el análisis musical o desde la interpretación, sino desde la filosofía que, al fin y al cabo, no es tan diferente. El trabajo muestra una comparativa entre las concepciones artísticas que nacen con el romanticismo alemán y la propia concepción del compositor francés.</subfield>
   </datafield>
   <datafield ind2=" " ind1=" " tag="520">
      <subfield code="a">When we talk about Claude Debussy, we tend to associate him with programmatic music. The composer's criticism of this idea is a new view of his work. This work, entitled Debussy. Música pura o música programàtica?, presents a study that aims to understand Debussy's artistic approach and his relationship with the terms pure and programmatic music, not from musical analysis or interpretation, but from philosophy, which, after all, is not so different. The work shows a comparison between artistic conceptions born with German Romanticism and the French composer's own.</subfield>
   </datafield>
   <datafield ind1="8" ind2=" " tag="024">
      <subfield code="a">http://hdl.handle.net/20.500.12694/7459</subfield>
   </datafield>
   <datafield tag="653" ind2=" " ind1=" ">
      <subfield code="a">TFG Música clàssica i contemporània</subfield>
   </datafield>
   <datafield tag="653" ind2=" " ind1=" ">
      <subfield code="a">Debussy, Claude, 1862-1918--Crítica i interpretació</subfield>
   </datafield>
   <datafield tag="653" ind2=" " ind1=" ">
      <subfield code="a">Música programàtica--Filosofia i estètica</subfield>
   </datafield>
   <datafield tag="653" ind2=" " ind1=" ">
      <subfield code="a">Música instrumental--Filosofia i estètica</subfield>
   </datafield>
   <datafield tag="653" ind2=" " ind1=" ">
      <subfield code="a">Romanticisme en la música--Alemanya</subfield>
   </datafield>
   <datafield tag="653" ind2=" " ind1=" ">
      <subfield code="a">Música i filosofia</subfield>
   </datafield>
   <datafield ind2="0" ind1="0" tag="245">
      <subfield code="a">Debussy: música pura o música programàtica?</subfield>
   </datafield>
</record></metadata></record></GetRecord></OAI-PMH>